Normal view
MARC view
Entry Personal Name
001 - CONTROL NUMBER
- control field: 18628
003 - CONTROL NUMBER IDENTIFIER
- control field: ARRUPE
005 - DATE AND TIME OF LATEST TRANSACTION
- control field: 20150818134607.0
008 - FIXED-LENGTH DATA ELEMENTS
- fixed length control field: 150818|| aca||aabn | a|a d
040 ## - CATALOGING SOURCE
- Original cataloging agency: ARRUPE
- Transcribing agency: ARRUPE
100 ## - HEADING--PERSONAL NAME
- Personal name: John
- Numeration: XXI,
- Titles and other words associated with a name: Pope,
- Dates associated with a name: -1277.
670 ## - SOURCE DATA FOUND
- Source citation: Work cat.: (ARRUPE)0: John XXI, Pope, -1277., Petri Hispani Summulae logicales, [1947].